The Gospel of Zarathushtra : (Record no. 19300)

MARC details
000 -LEADER
fixed length control field 00519nam a22001697a 4500
003 - CONTROL NUMBER IDENTIFIER
control field BDDh-ASL
005 - DATE AND TIME OF LATEST TRANSACTION
control field 20231015025754.0
008 - FIXED-LENGTH DATA ELEMENTS--GENERAL INFORMATION
fixed length control field 201123s1951 ii ||||| |||| 00| 0 eng d
040 ## - CATALOGING SOURCE
Original cataloging agency BDDh-ASL
Transcribing agency BDDh-ASL
082 ## - DEWEY DECIMAL CLASSIFICATION NUMBER
Classification number 295
Item number GOS
100 1# - MAIN ENTRY--PERSONAL NAME
9 (RLIN) 2192
Personal name Greenlees, Duncan
245 14 - TITLE STATEMENT
Title The Gospel of Zarathushtra :
Remainder of title "Good thoughts, good words, good deeds." /
260 ## - PUBLICATION, DISTRIBUTION, ETC.
Place of publication, distribution, etc. Adyar,
Name of publisher, distributor, etc. The Theosophical Publishing House,
Date of publication, distribution, etc. 1951.
300 ## - PHYSICAL DESCRIPTION
Extent 301 p. :
Dimensions 18 cm.
650 #0 - SUBJECT ADDED ENTRY--TOPICAL TERM
9 (RLIN) 2193
Topical term or geographic name entry element Zarathushtra
General subdivision Gospel
942 ## - ADDED ENTRY ELEMENTS (KOHA)
Source of classification or shelving scheme Dewey Decimal Classification
Koha item type Books
Holdings
Withdrawn status Lost status Source of classification or shelving scheme Damaged status Not for loan Collection code Home library Current library Shelving location Date acquired Source of acquisition Total Checkouts Full call number Barcode Date last seen Copy number Price effective from Koha item type
    Dewey Decimal Classification     Non-fiction Asiatic Society Library Asiatic Society Library Sirajul Islam Collection 11/23/2020 Donated by Professor Sirajul Islam, FRHS   295 GOS 102610 11/23/2020 C-1 11/23/2020 Books

Powered by Koha